| 000 | 01030nam a22002537a 4500 | ||
|---|---|---|---|
| 005 | 20170124103011.0 | ||
| 010 | _aA-422268 | ||
| 020 | _c15.00 | ||
| 035 | _aA-422268 | ||
| 037 | _bCen Lib/Ret | ||
| 040 |
_aDPL _bHN |
||
| 082 |
_aउ _bसांकृत्या |
||
| 100 |
_aसांकृत्यायन, राहुल _99382 |
||
| 245 |
_aदिवोदास / _cराहुल सांकृत्यायन |
||
| 246 |
_aDivodas / _bby Rahul Sankrityayan |
||
| 260 |
_aइलाहाबाद _bकिताब महल एजेंसी _c1979 |
||
| 270 |
_bइलाहाबाद _a84, के. पि. कक्कड़ रोड |
||
| 300 |
_a94पृ. _c20मी(सजिल्द) |
||
| 650 |
_aहिन्दी साहित्य _957477 |
||
| 650 |
_aहिन्दी साहित्य -- उपन्यास _946379 |
||
| 650 |
_aHindi literature _957478 |
||
| 650 |
_aHindi literature -- Fiction _957479 |
||
| 942 |
_2ddc _cHN _hउ _mसांकृत्या |
||
| 999 |
_c114595 _d114595 |
||